| 000 | 00753cam a22002533a 4500 | ||
|---|---|---|---|
| 001 | 15628 | ||
| 003 | PGUSA | ||
| 005 | 20140828083332.0 | ||
| 008 | 050415s2005||||xxu|||||s|||||000 | eng d | ||
| 040 |
_aPGUSA _beng |
||
| 042 | _adc | ||
| 050 | 4 | _aPG | |
| 100 | 1 |
_aTolstoy, Leo, graf, _d1828-1910 |
|
| 245 | 1 | 0 |
_aSa Ano Nabubuhay Ang Tao _h[electronic resource] / _cLeo, graf Tolstoy |
| 260 |
_bProject Gutenberg, _c2005 |
||
| 506 | _aPublic domain in the USA. | ||
| 516 | _aElectronic text | ||
| 653 | _aShort stories, Russian -- Translations into Tagalog | ||
| 700 | 1 |
_aCalderón, Sofronio G., _d1878-1953 |
|
| 740 | 0 | _aWhat Men Live By | |
| 830 | 0 |
_aProject Gutenberg _v15628 |
|
| 856 | 4 | 0 | _uhttp://www.gutenberg.org/ebooks/15628 |
| 942 | _cEB | ||
| 999 |
_c244883 _d244883 |
||